000 00714cam a2200157 4500500
005 20260405002346.0
041 _afre
042 _adc
100 1 0 _aLanghade, Jacques
_eauthor
245 0 0 _aÉric Rouleau, Dans les coulisses du Proche-Orient , Mémoires d’un journaliste diplomate (1952-2012). Fayard, 2012, 440 pages, 22 €
260 _c2013.
500 _a41
520 _aRésuméL’écrivain Alexis Jennis, prix Goncourt 2011 pour son roman L’Art français de la guerre, évoque ce que l’acte de croire signifie pour lui.
786 0 _nÉtudes | 418 | 1 | 2013-01-01 | p. XXX-XXX | 0014-1941
856 4 1 _uhttps://shs.cairn.info/revue-etudes-2013-1-page-XXX?lang=fr&redirect-ssocas=7080
999 _c2056973
_d2056973